000 00613nam a22002057a 4500
999 _c22920
_d22920
003 OSt
005 20210813094844.0
008 170214b xxu||||| |||| 00| 0 eng d
020 _a0131461060
040 _aMMU
_beng
_cMMU
_dMMU
050 _aHD2755.5.D35 2004
100 _aDaniels, John D.
245 _aInternational business:
_bEnvirnmental and operations/
_cJohn D.Daniels...{et al .}.
250 _a10th ed
260 _aUpper saddle river:
_bPearson,
_c2004.
300 _axxxiii 702 p. :
500 _aIncludes bibliographical references and index
650 _aBusiness
_9428
942 _2lcc
_cLOAN LOAN